000 00642nam a2200229Ia 4500
003 OSt
005 20220928111735.0
006 a|||||r|||| 00| 0
007 ta
008 220927b |||||||| |||| 00| 0 eng d
024 _a31339
037 _cTextual
040 _aSDCL
_cSDCL
_beng
041 _2eng
_aeng
082 _aO1520j111, N9
100 _aChaturvedi Ramswarup
245 0 _aBharat aur Pashchim
_bSanskriti ke asthira sandarbha.
260 _aAllahbad
_bLokbharati Prakashan
_c1999
300 _a96p.
_ccm.
942 _hO1520j111, N9
_cTEXL
_2CC
999 _c741731
_d741731